000 01089nam0a22002651 4500
001 rc\2595973
005 20250623125328.0
035 _a(NLR Aleph) 006760142
090 _a5835653
_c5835653
100 _a20110914d1929 |||y0rusy50 ca
101 0 _arus
102 _aRU
105 _ay z |||||
200 1 _aКак организовать хозяйство коммуны
_fА. Нестеров
_gПод ред. и с предисл. Е. П. Терлецкого
210 _aМосква
_cКнигосоюз
_d1929
_g"Мосполиграф", 13-я тип. "Мысль печатника"
215 _a72 с.
_d17х13 см.
225 1 _aБиблиотека колхозника
_fВсесоюзный совет колхозов
_v№ 3
700 1 _aНестеров
_bА.
702 1 _4340
_4080
_aТерлецкий
_bЕ. П.
_cгос. и полит. деятель
_f1892-1938
_gЕвгений Петрович
_9210050
_3RU\NLR\AUTH\770210104
801 0 _aRU
_bNLR
_gpsbo
801 1 _aRU
_bELAR
_2rusmarc
852 _aNLR
_j39/3175-3
942 _cBOOK
980 _aNB